000 00656cam a2200241 4500
001 M87160
008 090401t1997 xxu||||| |||| 00| 0 eng d
035 _a(Sirsi) u81559
041 _aeng
050 _a338.13
110 _aRoyal Institution of Chartered Surveyors
_94900
245 _aRural market brief : farming incomes and the changing need for surveying services.
260 _aLondon
_bRICS
_c1997
300 _a5p. ; 30cm.
350 _a0
650 _aABOUT RICS-RICS MEMBERS
650 _aFARM BUSINESSES
650 _aFARM INCOMES
650 _aRURAL MARKET PANEL
690 _aRURAL PRACTICE
942 _n0
948 _c21/10/1997
999 _c96730
_d96730